00725pam a2200229 i 4500999001500000001000500015003000900020005001700029008004100046020001500087040002800102082001600130245005500146260002800201300002800229500002000257650003100277650001700308710004400325942001200369952011400381 c4379d43791451BD-DhUAP20201109104823.0201109s1995 nyua 001 0 eng  a0118865048 aDLCcDLCdBD-DhUAPbEng00a528 STA223 aThe Star almanac for land surveyors for the year.  aLondon :bHMSO,cc1995. axvi, 80 pages ;c25 cm. aIncludes index. aEphemerides -- Periodicals aEphemerides. aGreat Britain. Nautical almanac office. 2ddccBK 00102ddc4070aUAPCLbUAPCLcGeneral Stacksd2020-11-09o528 STAp3010001451r2020-11-09t1w2020-11-09yBK